00750cam a22002291 450000100060000000300080000600500170001400800410003103500200007203500180009204000400011004100080015008200220015810000200018024500960020026000510029630000360034750400370038365000160042070000420043670000420047834937BD-RjUL20211209052232.0140520t1964 onca b f001 0 eng d a(BD-RjUL) 35031 a(OCoLC)423840 aDLCcOWoCdOCoLCdDLCdBD-RjULbeng aeng04a301.424bMOP 19641 aMohr, Johann W.10aPedophilia and exhibitionism :ba handbook /cby J. W. Mohr, R. E. Turner, and M. B. Jerry. aToronto :bUniversity of Toronto Press.,c1964 axvi, 204 p. :billus. ;c24 cm. aIncludes bibliography and index. 0aPedophilia.1 aTurner, Robert Edward,ejoint author.1 aJerry, Marian Bernice,ejoint author.